[Event "MSU Interuniversity Cup"]
[Site "Moscow RUS"]
[Date "2023.05.17"]
[Round "6.1"]
[White "Zaichikov, Andrey"]
[Black "Barseghyan, Armen Ar"]
[Result "0-1"]
[WhiteElo "2050"]
[BlackElo "2373"]
[PlyCount "58"]
[EventDate "2023.05.15"]
[EventType "team (rapid)"]
[EventRounds "9"]
[EventCountry "RUS"]
[SourceTitle "CBM 214 Extra"]
[Source "ChessBase"]
[SourceDate "2023.07.31"]
[SourceVersion "1"]
[SourceVersionDate "2023.07.31"]
[SourceQuality "1"]
[WhiteTeam "SPbGU"]
[BlackTeam "Armenia"]
[WhiteTeamCountry "RUS"]
[BlackTeamCountry "ARM"]

1. e4 c5 2. Nf3 Nc6 3. Bb5 g6 4. 0-0 Bg7 5. Re1 Nf6 6. e5 Nd5 7. Nc3 Nc7 8. Bxc6 dxc6 9. d3 Ne6 10. a4 a5 11. h3 h6 12. Ne2 0-0 13. Be3 b6 14. Qd2 Kh7 15. h4 Nc7 16. h5 g5 17. Ng3 f5 18. exf6 exf6 19. d4 f5 20. Qd3 c4 21. Qxc4 f4 22. Qxc6 fxg3 23. Qg6+ Kh8 24. Bxg5 gxf2+ 25. Kxf2 Qxg5 26. Qxb6 Bg4 27. Ra3 Bxf3 28. Rxf3 Nd5 29. Qc5 Qd2+ 0-1

[Event "MSU Interuniversity Cup"]
[Site "Moscow RUS"]
[Date "2023.05.17"]
[Round "8.1"]
[White "Zaichikov, Andrey"]
[Black "Zvjaginsev, Vadim"]
[Result "0-1"]
[WhiteElo "2050"]
[BlackElo "2598"]
[PlyCount "54"]
[EventDate "2023.05.15"]
[EventType "team (rapid)"]
[EventRounds "9"]
[EventCountry "RUS"]
[SourceTitle "CBM 214 Extra"]
[Source "ChessBase"]
[SourceDate "2023.07.31"]
[SourceVersion "1"]
[SourceVersionDate "2023.07.31"]
[SourceQuality "1"]
[WhiteTeam "SPbGU"]
[BlackTeam "MGU Lomonosova"]
[WhiteTeamCountry "RUS"]
[BlackTeamCountry "RUS"]

1. e4 c5 2. Nf3 d6 3. Bb5+ Nd7 4. a4 Ngf6 5. Nc3 e6 6. 0-0 Be7 7. d4 cxd4 8. Qxd4 0-0 9. Be2 b6 10. a5 bxa5 11. Nd2 Nc5 12. Nc4 a4 13. f3 d5 14. exd5 exd5 15. Ne5 Qc7 16. Nb5 Qb6 17. Be3 Ba6 18. Nc3 Bxe2 19. Nxe2 Rfc8 20. Bf2 Qc7 21. Qc3 Bd6 22. Bg3 d4 23. Qxd4 Ne6 24. Qc3 Qb6+ 25. Bf2 Qb5 26. Qd3 Qxe5 27. Bg3 Qc5+ 0-1

[Event "MSU Interuniversity Cup"]
[Site "Moscow RUS"]
[Date "2023.05.16"]
[Round "5.1"]
[White "Yunusov, Ilhom"]
[Black "Zaichikov, Andrey"]
[Result "1/2-1/2"]
[WhiteElo "2170"]
[BlackElo "2050"]
[PlyCount "113"]
[EventDate "2023.05.15"]
[EventType "team (rapid)"]
[EventRounds "9"]
[EventCountry "RUS"]
[SourceTitle "CBM 214 Extra"]
[Source "ChessBase"]
[SourceDate "2023.07.31"]
[SourceVersion "1"]
[SourceVersionDate "2023.07.31"]
[SourceQuality "1"]
[WhiteTeam "Tajikistan"]
[BlackTeam "SPbGU"]
[WhiteTeamCountry "TJK"]
[BlackTeamCountry "RUS"]

1. e4 e5 2. Nf3 Nc6 3. d4 exd4 4. Nxd4 Bc5 5. Nxc6 Qf6 6. Qf3 Qxf3 7. gxf3 bxc6 8. Nc3 Ne7 9. Be3 Bxe3 10. fxe3 0-0 11. Bc4 d6 12. h4 Kh8 13. f4 f5 14. Bd3 fxe4 15. Bxe4 Bf5 16. Kd2 Bxe4 17. Nxe4 Rae8 18. Ng3 Rf6 19. h5 Nd5 20. Rae1 Rfe6 21. Nf5 Rf6 22. Ng3 c5 23. c4 Nb4 24. a3 Nc6 25. Rh2 Na5 26. Kc3 Rxf4 27. exf4 Rxe1 28. Re2 Rc1+ 29. Kd2 Nb3+ 30. Kd3 h6 31. Re7 Nd4 32. Rxc7 Rd1+ 33. Kc3 Rg1 34. Ne4 Rc1+ 35. Kd3 Ne6 36. Rxa7 Nxf4+ 37. Kd2 Rxc4 38. Nxd6 Rd4+ 39. Ke3 Ng2+ 40. Kf3 Rxd6 41. Kxg2 Rd2+ 42. Kf3 Rxb2 43. Rc7 Rb3+ 44. Kg4 Rxa3 45. Rxc5 Ra4+ 46. Kg3 Re4 47. Rc8+ Kh7 48. Kh3 Re7 49. Kh4 Ra7 50. Kh3 Ra5 51. Kh4 Ra4+ 52. Kh3 Ra1 53. Rb8 Ra7 54. Kh4 g5+ 55. hxg6+ Kxg6 56. Rb6+ Kg7 57. Rc6 1/2-1/2

[Event "MSU Interuniversity Cup"]
[Site "Moscow RUS"]
[Date "2023.05.16"]
[Round "4.1"]
[White "Zaichikov, Andrey"]
[Black "Aldashukurov, Yrysbek"]
[Result "1-0"]
[WhiteElo "2050"]
[BlackElo "1904"]
[PlyCount "45"]
[EventDate "2023.05.15"]
[EventType "team (rapid)"]
[EventRounds "9"]
[EventCountry "RUS"]
[SourceTitle "CBM 214 Extra"]
[Source "ChessBase"]
[SourceDate "2023.07.31"]
[SourceVersion "1"]
[SourceVersionDate "2023.07.31"]
[SourceQuality "1"]
[WhiteTeam "SPbGU"]
[BlackTeam "Kyrgyzstan"]
[WhiteTeamCountry "RUS"]
[BlackTeamCountry "KGZ"]

1. e4 e6 2. d3 d5 3. Qe2 Nf6 4. Nf3 b6 5. g3 dxe4 6. dxe4 Ba6 7. c4 Nbd7 8. Nc3 Bb4 9. e5 Ng8 10. Bg5 Be7 11. h4 Bb7 12. Bg2 Bxg5 13. hxg5 Ne7 14. 0-0-0 Qc8 15. Qc2 Ng6 16. Qa4 Ke7 17. Qa3+ c5 18. Nb5 Bc6 19. Nxa7 Qb7 20. Nxc6+ Qxc6 21. Nh4 Qxg2 22. Rxd7+ Kxd7 23. Qd3+ 1-0

[Event "Chigorin Memorial 29th"]
[Site "St Petersburg"]
[Date "2022.10.22"]
[Round "1"]
[White "Zaichikov, Andrey"]
[Black "Khegai, Darya"]
[Result "1-0"]
[WhiteElo "2113"]
[BlackElo "1545"]
[PlyCount "115"]
[EventDate "2022.10.22"]
[EventType "swiss"]
[EventRounds "9"]
[EventCountry "RUS"]
[SourceTitle "EXT 2024"]
[Source "ChessBase"]
[SourceDate "2023.10.10"]
[SourceVersion "1"]
[SourceVersionDate "2023.10.10"]
[SourceQuality "1"]

1. e4 c6 2. d3 d5 3. Nd2 e5 4. Ngf3 Bd6 5. g3 Nf6 6. Bg2 0-0 7. 0-0 Nbd7 8. Re1 Re8 9. Nb3 Qc7 10. a4 a5 11. Bg5 b6 12. Nh4 Bb7 13. Nf5 Bf8 14. Qf3 c5 15. Nh6+ gxh6 16. Bxf6 Nxf6 17. Qxf6 Bg7 18. Qf5 c4 19. dxc4 dxc4 20. Nc1 Rad8 21. Ne2 Rd2 22. Rac1 Qc5 23. Nc3 Re6 24. Rcd1 Red6 25. Rxd2 Rxd2 26. Nd5 Qd6 27. Ne3 Qc5 28. Qf3 Bc8 29. Rd1 Rxd1+ 30. Qxd1 Be6 31. Qd8+ Bf8 32. c3 Kg7 33. Qe8 Be7 34. h4 Qd6 35. Qb5 Qc5 36. Bf1 Qc7 37. Bxc4 Bxc4 38. Qxc4 Qd7 39. Nf5+ Kf8 40. Qd5 Qxd5 41. exd5 Bc5 42. Nxh6 Ke7 43. Nf5+ Kf6 44. Ne3 e4 45. Kf1 Ke5 46. Ke2 Bxe3 47. Kxe3 Kxd5 48. b3 Ke5 49. f3 exf3 50. Kxf3 Kf5 51. g4+ Ke5 52. Ke3 f6 53. b4 f5 54. gxf5 Kxf5 55. bxa5 bxa5 56. c4 Ke5 57. Kd3 h5 58. Ke3 1-0

[Event "Chigorin Memorial 28th"]
[Site "St Petersburg"]
[Date "2021.10.29"]
[Round "7"]
[White "Smorodkin, Kirill"]
[Black "Zaichikov, Andrey"]
[Result "1/2-1/2"]
[WhiteElo "1826"]
[BlackElo "2123"]
[PlyCount "103"]
[EventDate "2021.10.23"]
[EventType "swiss"]
[EventRounds "9"]
[EventCountry "RUS"]
[SourceTitle "EXT 2023"]
[Source "ChessBase"]
[SourceDate "2022.10.05"]
[SourceVersion "1"]
[SourceVersionDate "2022.10.05"]
[SourceQuality "1"]

1. e4 e5 2. Nf3 Nc6 3. Bb5 Nge7 4. Nc3 g6 5. d4 exd4 6. Nd5 Bg7 7. Bg5 h6 8. Bf6 Bxf6 9. Nxf6+ Kf8 10. 0-0 Kg7 11. Nd5 d6 12. Bxc6 Nxc6 13. Nxd4 Be6 14. f4 Bxd5 15. exd5 Nxd4 16. Qxd4+ Qf6 17. Rad1 Rhe8 18. Qxf6+ Kxf6 19. Rfe1 Kf5 20. g3 g5 21. fxg5 hxg5 22. Rf1+ Kg6 23. Rd3 f5 24. Rdf3 Re5 25. c4 Rf8 26. h3 Re4 27. b3 a5 28. R1f2 Re5 29. a4 Rh8 30. Kg2 Rxh3 31. Kxh3 g4+ 32. Kg2 gxf3+ 33. Kxf3 Re1 34. Kf4 Kf6 35. Rc2 Rf1+ 36. Ke3 Rb1 37. Rc3 Ke5 38. Rd3 c6 39. Kf3 Re1 40. Rd2 Re4 41. Rd3 f4 42. gxf4+ Rxf4+ 43. Ke3 Rh4 44. Kd2 Rd4 45. dxc6 bxc6 46. Kc3 Rxd3+ 47. Kxd3 d5 48. c5 d4 49. b4 Kd5 50. bxa5 Kxc5 51. a6 Kb6 52. Kxd4 1/2-1/2

[Event "Chigorin Memorial 28th"]
[Site "St Petersburg"]
[Date "2021.10.27"]
[Round "5"]
[White "Zaichikov, Andrey"]
[Black "Berezovsky, Timofei"]
[Result "1-0"]
[WhiteElo "2123"]
[BlackElo "1851"]
[PlyCount "111"]
[EventDate "2021.10.23"]
[EventType "swiss"]
[EventRounds "9"]
[EventCountry "RUS"]
[SourceTitle "EXT 2023"]
[Source "ChessBase"]
[SourceDate "2022.10.05"]
[SourceVersion "1"]
[SourceVersionDate "2022.10.05"]
[SourceQuality "1"]

1. e4 c5 2. Nf3 d6 3. d4 cxd4 4. Qxd4 a6 5. c4 Nc6 6. Qd2 Nf6 7. Nc3 g6 8. Be2 Bg4 9. 0-0 Bg7 10. Rb1 Rc8 11. b3 Qa5 12. a4 Nd7 13. Bb2 Nc5 14. Ba1 Qb4 15. Qe3 Qa3 16. Bb2 Qxb3 17. Nd2 Qc2 18. Rfc1 Bd4 19. Rxc2 Bxe3 20. Bxg4 f5 21. fxe3 fxg4 22. Ba3 Nd3 23. Nd5 0-0 24. Rc3 Nde5 25. Rxb7 Rf7 26. c5 dxc5 27. Rxc5 Rd8 28. Rc2 e6 29. Ne7+ Nxe7 30. Rxe7 Rd3 31. Re8+ Kg7 32. Bb2 Rxe3 33. Bxe5+ Kh6 34. Nf1 Rxe4 35. Rxe6 Rxa4 36. Rf2 Rd7 37. Bf4+ Kg7 38. Bg5 a5 39. Re7+ Rxe7 40. Bxe7 Re4 41. Bf8+ Kg8 42. Bh6 Re8 43. Rf4 Ra8 44. Ra4 Kf7 45. Bd2 Ke6 46. Rxa5 Rd8 47. g3 Rd3 48. Ra7 h5 49. Kf2 Kf5 50. Ke2 Rb3 51. Ra6 Rb1 52. Bc3 Rb3 53. Ne3+ Kg5 54. Bd2 h4 55. Rb6 Rxb6 56. Nd5+ 1-0

[Event "Chigorin Memorial 28th"]
[Site "St Petersburg"]
[Date "2021.10.24"]
[Round "2"]
[White "Zaichikov, Andrey"]
[Black "Epishin, Vladimir"]
[Result "0-1"]
[WhiteElo "2123"]
[BlackElo "2522"]
[PlyCount "82"]
[EventDate "2021.10.23"]
[EventType "swiss"]
[EventRounds "9"]
[EventCountry "RUS"]
[SourceTitle "EXT 2023"]
[Source "ChessBase"]
[SourceDate "2022.10.05"]
[SourceVersion "1"]
[SourceVersionDate "2022.10.05"]
[SourceQuality "1"]

1. e4 c5 2. Nf3 a6 3. g3 d6 4. Bg2 Nf6 5. d3 g6 6. 0-0 Bg7 7. Nc3 0-0 8. a4 Nc6 9. h3 Rb8 10. Be3 e5 11. Qd2 Nd4 12. Ne1 b5 13. axb5 axb5 14. Kh2 b4 15. Nd1 d5 16. f4 dxe4 17. dxe4 Bb7 18. Nf2 exf4 19. gxf4 Re8 20. Qd3 Nh5 21. Ng4 Ra8 22. Rxa8 Qxa8 23. c3 Ba6 24. c4 Rd8 25. e5 Qc8 26. Bc1 b3 27. Qc3 Ne2 28. Qe3 Bxc4 29. Bd2 Nhg3 30. Rf2 Nf5 31. Qe4 Rd4 32. Rxe2 Rxe4 33. Rxe4 Bd5 34. Re2 Bxg2 35. Nxg2 h5 36. Nf6+ Bxf6 37. exf6 Nd4 38. Re3 Qd8 39. Be1 Qxf6 40. Re8+ Kh7 41. Kg3 Nf5+ 0-1